Derechos Humanos y Pueblos Indígenas : (Registro nro. 4282)

000 -CABECERA
campo de control de longitud fija 00727nam a22002177a 4500
005 - FECHA Y HORA DE LA ÚLTIMA TRANSACCIÓN
campo de control 20251217174614.0
008 - DATOS DE LONGITUD FIJA--INFORMACIÓN GENERAL
campo de control de longitud fija 251217b ||||fr|||| 00| 0 eng d
020 ## - NÚMERO INTERNACIONAL ESTÁNDAR DEL LIBRO
ISBN 87-980717-7-7
040 ## - FUENTE DE LA CATALOGACIÓN
Centro catalogador/agencia de origen CENDOC CAAAP
Lengua de catalogación spa
Centro/agencia transcriptor CAAAP
041 ## - CÓDIGO DE LENGUA
Código de lengua del texto/banda sonora o título independiente spa
050 ## - SIGNATURA TOPOGRÁFICA DE LA BIBLIOTECA DEL CONGRESO
Número de clasificación JC 599
Número de documento/Ítem .R68
100 1# - ENTRADA PRINCIPAL--NOMBRE DE PERSONA
9 (RLIN) 5738
Nombre personal Roulet, Florencia
245 1# - MENCIÓN DE TÍTULO
Título Derechos Humanos y Pueblos Indígenas :
Subtitulo Un manual sobre el sistema de las Naciones Unidas /
Mención de responsabilidad, etc. Florencia Roulet
250 ## - MENCIÓN DE EDICIÓN
Mención de edición 1ra edición
260 ## - PUBLICACIÓN, DISTRIBUCIÓN, ETC.
Lugar de publicación, distribución, etc. Copenhague, Dinamarca :
Nombre del editor, distribuidor, etc. IWGIA,
Fecha de publicación, distribución, etc. 1997.
300 ## - DESCRIPCIÓN FÍSICA
Extensión 174 páginas ;
Dimensiones 21 x 15 cm
490 ## - MENCIÓN DE SERIE
Mención de serie Documento ;
Volumen 21
650 #0 - PUNTO DE ACCESO ADICIONAL DE MATERIA--TÉRMINO DE MATERIA
9 (RLIN) 381
Término de materia o nombre geográfico como elemento de entrada Derechos Humanos
Subdivisión de forma Derechos colectivos
650 #0 - PUNTO DE ACCESO ADICIONAL DE MATERIA--TÉRMINO DE MATERIA
9 (RLIN) 4
Término de materia o nombre geográfico como elemento de entrada Pueblos Indígenas
Subdivisión de forma Manual
942 ## - ELEMENTOS PERSONALIZADOS KOHA
Fuente del sistema de clasificación o colocación
Fecha de catalogación DD - MM - AA
Tipo de ítem Koha Libros
Existencias
Fuente del sistema de clasificación o colocación Localización permanente Ubicación/localización actual Fecha de adquisición Total de préstamos Signatura LC Fecha visto por última vez Tipo de ítem Koha
  CENTRO DE DOCUMENTACIÓN (CENDOC) CENTRO DE DOCUMENTACIÓN (CENDOC) 12/17/2025   JC 599 .R68 12/17/2025 Libros
Centro de Documentación CAAAP | AV. Manuel González Prada 626, Magdalena del Mar | (51-1) 4615223 Anexo 205 y 209 | cendoc@caaap.org.pe